00576nam a2200145Ia 4500008004100000020001500041050002000056100003700076245013500113250001900248260003400267300001900301505007600320650003400396120720s1990 mx 000 0 spa d a9684394306 aQC30 bP47 1990 aPérez Montiel, Héctoreautor aFísica 2 para bachillerato b : dinamica, elasticidad, hidrostatica, hidrodinamica y ondas mecánicasc / Hector Perez Montiel a2a. edición  aMéxicob : Culturalc, 1990 a125 páginas  aDinámica Elasticidad Hidrostática Hidrodinámica Ondas Mecánicas 0aFISICAxESTUDIO Y ENSEÑANZA